000 00474nam a22001937a 4500
003 MPLRDC
005 20220104124302.0
008 210129b ||||| |||| 00| 0 eng d
020 _a957-583-203-5
082 _a856.91 CM
100 _a邝小燕、罗凤鸣著
245 _a与草蜢共舞
_c
250 _a初版
260 _a
_b晨星出版社
_c1992
300 _b
490 _a巨星快报. 3
650 _a函牍及杂著--杂项
942 _cBK
_o856.91 CM
999 _c18117
_d18107